| 000 | 01064nac a22002891i 4500 | ||
|---|---|---|---|
| 003 | EG-ScBUE | ||
| 005 | 20230814102317.0 | ||
| 008 | 121114s1988 ua f b 000 0 ara d | ||
| 017 | _a88 / 3051 | ||
| 020 | _a9771482130 | ||
| 040 |
_aEG-ScBUE _bara _erda _cEG-ScBUE _dEG-ScBUE |
||
| 043 | _af-ua--- | ||
| 082 | 0 | 4 |
_a909.04932 _bف ق ي _222 |
| 100 | 1 |
_aفقي، مصطفي، _eمؤلف. _931321 |
|
| 245 | 1 | 2 |
_aالأقباط في السياسة المصرية : _bمكرم عبيد ودوره في الحركة الوطنية / _cد. مصطفي الفقي. |
| 250 | _aالطبعة الثانية. | ||
| 264 | 1 |
_aالقاهرة : _bدار الشروق، _c1988. |
|
| 300 |
_a168 صفحة ؛ _c24 سم |
||
| 336 |
_2rdacontent _aنص _btxt |
||
| 337 |
_2rdamedia _aبدون وسيط _bn |
||
| 338 |
_2rdacarrier _aمجلد _bnc |
||
| 504 | _aيشتمل على إرجاعات ببليوجرافية. | ||
| 600 |
_aعبيد، مكرم. _931322 |
||
| 650 | 7 |
_aالأقباط _zمصر. _2BUEsh _929489 |
|
| 655 | _vReading book | ||
| 942 |
_cBB _k909.04932 ف ق ي _2ddc |
||
| 999 |
_c5905 _d5905 |
||